000 00666nam a2200193Ia 4500
003 GCL
008 140319s9999 xx 000 0 ara d
040 _aGCL /
_cGCL
082 0 4 _a325.3
_bى م
100 1 _aياسين سويد
245 1 0 _aمؤامرة الغرب على العرب: محطات فى مراحل المؤامرة ومقاومتها /
_cياسين سويد
260 _a[S.N] :
_bالمركز العربى للابحاث والتوثيق ،
_c1992
300 _a407 ص
490 _a
650 0 4 _aالنزاع العربى الاسرائيلى
650 0 4 _aالسياسة
650 0 4 _aالقضية الفلسطينية
942 _2ddc
_cBK
999 _c35822
_d35822